You Can Win. (Record no. 2408)

MARC details
000 -LEADER
fixed length control field 00370nam a22001697a 4500
005 - DATE AND TIME OF LATEST TRANSACTION
control field 20160611135835.0
008 - FIXED-LENGTH DATA ELEMENTS--GENERAL INFORMATION
fixed length control field 160611b xxu||||| |||| 00| 0 eng d
020 ## - INTERNATIONAL STANDARD BOOK NUMBER
ISBN 0333937406
041 ## - LANGUAGE CODE
Language code of text/sound track or separate title eng
082 ## - DEWEY DECIMAL CLASSIFICATION NUMBER
Item number 6919
100 ## - MAIN ENTRY--AUTHOR NAME
Personal name Khera, Shiv
245 ## - TITLE STATEMENT
Title You Can Win.
260 ## - PUBLICATION, DISTRIBUTION, ETC. (IMPRINT)
Name of publisher Mac Millan
Year of publication 1998
300 ## - PHYSICAL DESCRIPTION
Number of Pages 290
650 ## - SUBJECT ADDED ENTRY--TOPICAL TERM
Topical Term Management
942 ## - ADDED ENTRY ELEMENTS (KOHA)
Koha item type Books
Holdings
Lost status Damaged status Collection code Home library Current library Shelving location Date acquired Cost, normal purchase price Full call number Accession Number Koha item type
    ENGLISH JRU Library JRU Library SHELF-102-F 11/06/2016 325.00 6919 6919 Books
    ENGLISH JRU Library JRU Library SHELF-102-F 11/06/2016 325.00 6919 6920 Books